Management accounting (Record no. 3006)
[ view plain ]
| 000 -LEADER | |
|---|---|
| fixed length control field | nam a22 a 4500 |
| 005 - DATE AND TIME OF LATEST TRANSACTION | |
| control field | 20170519085800.0 |
| 008 - FIXED-LENGTH DATA ELEMENTS--GENERAL INFORMATION | |
| fixed length control field | 170519b1997 enk||||| |||| 00| 0 eng d |
| 020 ## - INTERNATIONAL STANDARD BOOK NUMBER | |
| International Standard Book Number | 0132621630 (pbk) : |
| 040 ## - CATALOGING SOURCE | |
| Original cataloging agency | AKMAL |
| 082 04 - DEWEY DECIMAL CLASSIFICATION NUMBER | |
| Classification number | 658.1511 ATK |
| 090 ## - LOCALLY ASSIGNED LC-TYPE CALL NUMBER (OCLC); LOCAL CALL NUMBER (RLIN) | |
| Classification number (OCLC) (R) ; Classification number, CALL (RLIN) (NR) | 658.1511 |
| Local cutter number (OCLC) ; Book number/undivided call number, CALL (RLIN) | ATK |
| 245 00 - TITLE STATEMENT | |
| Title | Management accounting |
| Statement of responsibility, etc. | Anthony A. Atkinson ... [et al.]. |
| 250 ## - EDITION STATEMENT | |
| Edition statement | 2nd ed. |
| 260 ## - PUBLICATION, DISTRIBUTION, ETC. | |
| Place of publication, distribution, etc. | London : |
| Name of publisher, distributor, etc. | Prentice-Hall International, |
| Date of publication, distribution, etc. | c1997. |
| 300 ## - PHYSICAL DESCRIPTION | |
| Extent | xxxv, 741 p. : |
| Other physical details | ill. ; |
| Dimensions | 26cm |
| 490 0# - SERIES STATEMENT | |
| Series statement | The Robert S. Kaplan series in management accounting |
| 500 ## - GENERAL NOTE | |
| General note | "International edition". |
| 650 #0 - SUBJECT ADDED ENTRY--TOPICAL TERM | |
| Topical term or geographic name entry element | Managerial accounting. |
| 9 (RLIN) | 6172 |
| 700 1# - ADDED ENTRY--PERSONAL NAME | |
| Personal name | Atkinson, Anthony A. |
| 9 (RLIN) | 6283 |
| 852 41 - LOCATION | |
| Location | British Library |
| Sublocation or collection | DSC |
| 852 41 - LOCATION | |
| Location | British Library |
| Sublocation or collection | HMNTS |
| 942 ## - ADDED ENTRY ELEMENTS (KOHA) | |
| Source of classification or shelving scheme | |
| Koha item type | Book |
| Withdrawn status | Lost status | Source of classification or shelving scheme | Damaged status | Not for loan | Collection code | Home library | Current library | Shelving location | Date acquired | Inventory number | Total Checkouts | Full call number | Barcode | Date last seen | Price effective from | Koha item type |
|---|---|---|---|---|---|---|---|---|---|---|---|---|---|---|---|---|
| NON-FICTION | AKMAL Melaka | AKMAL Melaka | PINJAMAN | 19.05.2017 | 602396 | 658.1511 ATK | 201703861 | 19.05.2017 | 19.05.2017 | Book |
